Click to Translate - Basque - Statistics

General Stats
  • This quiz has been taken 1,158 times
  • The average score is 5 of 20
Answer Stats
Hint Answer % Correct
Book Liburua
61%
No Ez
59%
Father Aita
35%
Star Izarra
34%
Monday Astelehena
29%
Red Gorria
29%
Girl Neska
24%
Cold Hotza
23%
Nurse Erizaina
22%
Mouth Ahoa
21%
Her Bera
21%
Nine Bederatzi
20%
Big Handia
20%
Friend Laguna
20%
Bread Ogia
20%
Sea Itsasoa
19%
Soon Laster
19%
Summer Uda
18%
Why Zergatik
18%
Tomorrow Bihar
17%
No matching quizzes found
Score Distribution
Percent of People with Each Score
Percentile by Number Answered
Your Score History
You have not taken this quiz